|
|
|
|
| LEADER |
00000nam a22000007a 4500 |
| 005 |
20201029000954.0 |
| 007 |
cr|||| ||| |
| 008 |
201029s2020 mx |||||s|||| 00||0 spa d |
| 020 |
|
|
|a 978-607-563-074-8
|
| 035 |
|
|
|a 32195
|
| 040 |
|
|
|a vLex
|
| 090 |
|
|
|c 10808
|d 10808
|
| 100 |
1 |
|
|a Matheln̕ Leyva, Carlos R.
|
| 245 |
1 |
0 |
|a Operaciones notariales
|h [Recurso electrn̤ico] :
|b Tratamiento contable-financiero y fiscal /
|c Carlos R. Matheln̕ Leyva
|
| 256 |
|
|
|a Servicio en ln̕ea
|
| 260 |
|
|
|a Ciudad de Mx̌ico:
|b Instituto Mexicano de Contadores Pb︢licos,
|c 2020
|
| 300 |
|
|
|a 1 recurso electrn̤ico
|
| 506 |
1 |
|
|a Disponible solo en los productos indicados
|d vLex Global
|d vLex Global (Academic Edition, excluding Law Schools)
|d vLex Global (U.S. Academic Edition, Law Schools)
|d vLex Global (U.S. Academic Edition, excluding Law Schools)
|d vLex Global (Academic Edition, Law Schools)
|
| 650 |
0 |
4 |
|a Derecho Fiscal
|z Mx̌ico
|
| 650 |
0 |
4 |
|a Financiero
|z Mx̌ico
|
| 740 |
0 |
|
|a vLex Libros (Servicio en ln̕ea)
|
| 856 |
4 |
0 |
|u http://vlex.com/source/operaciones-notariales-tratamiento-contable-financiero-y-fiscal-32195
|z Acceso restringido
|
| 942 |
|
|
|c BOOK
|
| 999 |
0 |
|
|a Tax Law
|
| 999 |
0 |
|
|a Financial
|